[Event "España ch Sel. Autonomicas"]
[Site "Calvia ESP"]
[Date "2007.05.05"]
[Round "4.46"]
[White "Muñoz Perez, Miriam"]
[Black "Arce Calva, Elvira"]
[Result "1/2-1/2"]
[WhiteElo "2080"]
[BlackElo "1824"]
[PlyCount "73"]
[EventDate "2007.05.03"]
[EventType "team"]
[EventRounds "5"]
[EventCountry "ESP"]
[Source "lmi"]
[SourceDate "2007.05.03"]

1. e4 e6 2. d4 d5 3. Nd2 dxe4 4. Nxe4 Bd7 5. Nf3 Bc6 6. Bd3 Nd7 7. c3 Ngf6 8.
Ng3 Bd6 9. O-O O-O 10. Re1 b6 11. Ne5 Bb7 12. Nh5 Be7 13. Re3 g6 14. Nf4 Nd5
15. Rh3 Nxf4 16. Bxf4 Nf6 17. Ng4 Nd5 18. Bh6 Re8 19. Ne5 Bg5 20. Bxg5 Qxg5 21.
Rg3 Qf6 22. Bb5 Red8 23. Bc6 Bxc6 24. Nxc6 Rf8 25. Rf3 Qg5 26. Rg3 Qf6 27. Qd2
Qh4 28. Rf3 a5 29. Re1 b5 30. Qd3 b4 31. c4 Nb6 32. Rh3 Qg5 33. Rg3 Qh4 34. Rh3
Qg4 35. Rg3 Qh5 36. Rh3 Qg5 37. Rg3 1/2-1/2

[Event "España ch Sel. Autonomicas"]
[Site "Calvia ESP"]
[Date "2007.05.05"]
[Round "4.51"]
[White "Gonzalez Arribas, Vidal Alejandro"]
[Black "Garcia Romero, Benjamin Abel"]
[Result "1-0"]
[WhiteElo "2289"]
[BlackElo "2263"]
[PlyCount "173"]
[EventDate "2007.05.03"]
[EventType "team"]
[EventRounds "5"]
[EventCountry "ESP"]
[Source "lmi"]
[SourceDate "2007.05.03"]

1. c4 e6 2. Nc3 d5 3. d4 Be7 4. Nf3 Nf6 5. Bg5 O-O 6. e3 h6 7. Bh4 Ne4 8. Bxe7
Qxe7 9. Bd3 Nxc3 10. bxc3 c5 11. O-O Nd7 12. Re1 dxc4 13. Bxc4 Rb8 14. a4 e5
15. e4 exd4 16. cxd4 Nb6 17. Bb3 cxd4 18. a5 Nd7 19. Nxd4 Nc5 20. Bd5 Qe5 21.
Rc1 Ne6 22. Ne2 b6 23. axb6 axb6 24. Rb1 b5 25. Qd2 Re8 26. Rec1 Bd7 27. f4 Qd6
28. e5 Qb6+ 29. Kh1 Red8 30. Qa2 Kh8 31. Rf1 Bc6 32. Bxc6 Qxc6 33. f5 Ng5 34.
h4 Ne4 35. Qxf7 Rd7 36. Qh5 Rd2 37. Kh2 Qc7 38. f6 gxf6 39. Ng3 Nxg3 40. Qxh6+
Qh7 41. Qxf6+ Qg7 42. Qxg7+ Kxg7 43. Kxg3 b4 44. Rb3 Rb6 45. Rf6 Rb5 46. Rf4
Rxe5 47. Rbxb4 Re3+ 48. Rf3 Ree2 49. Rg4+ Kh6 50. Kh3 Re5 51. Rf8 Kh7 52. Rf7+
Kh6 53. Rfg7 Rd3+ 54. Rg3 Rd6 55. Rg8 Kh7 56. R8g5 Re1 57. Rh5+ Rh6 58. Rxh6+
Kxh6 59. Rg5 Ra1 60. g3 Ra4 61. Rf5 Kg6 62. Rf4 Ra3 63. Kg4 Rb3 64. h5+ Kg7 65.
Kh4 Ra3 66. g4 Ra1 67. Kg5 Ra6 68. Rf5 Rb6 69. Ra5 Rb4 70. Ra7+ Kh8 71. Ra6 Kg7
72. h6+ Kh7 73. Ra7+ Kh8 74. Kh5 Rb6 75. g5 Rb5 76. Rf7 Kg8 77. Rf6 Kh7 78. Re6
Ra5 79. Re7+ Kg8 80. Kg6 Ra6+ 81. Kf5 Ra1 82. Kf6 Ra6+ 83. Re6 Ra8 84. g6 Rf8+
85. Kg5 Rd8 86. h7+ Kg7 87. Re7+ 1-0

[Event "España ch Sel. Autonomicas"]
[Site "Calvia ESP"]
[Date "2007.05.05"]
[Round "4.52"]
[White "Figuero Toro, Julian"]
[Black "Cubas Pons, Juan"]
[Result "1-0"]
[WhiteElo "2249"]
[BlackElo "2220"]
[PlyCount "95"]
[EventDate "2007.05.03"]
[EventType "team"]
[EventRounds "5"]
[EventCountry "ESP"]
[Source "lmi"]
[SourceDate "2007.05.03"]

1. e4 e6 2. d3 c5 3. Nf3 Nc6 4. Nbd2 g6 5. g3 Bg7 6. Bg2 Nge7 7. O-O d5 8. Re1
O-O 9. c3 b6 10. exd5 Nxd5 11. Nc4 Qc7 12. Qe2 Bb7 13. h4 h5 14. Ng5 Nce7 15.
Bf3 b5 16. Nd2 Nf5 17. Nde4 b4 18. Bd2 Rad8 19. Bxh5 gxh5 20. Qxh5 Rfe8 21. c4
Nf6 22. Nxf6+ Bxf6 23. Qh7+ Kf8 24. Rxe6 Rxd3 25. Qxf5 Rxg3+ 26. Kf1 Bg2+ 27.
Ke1 Bxg5 28. Rxe8+ Kxe8 29. Bxg5 Rh3 30. Kd2 Qd7+ 31. Qxd7+ Kxd7 32. Re1 Rf3
33. Be3 Rf5 34. Rg1 Be4 35. Rg3 Bb1 36. b3 Rh5 37. Rg1 Be4 38. Rg4 Bb1 39. Kc1
Bg6 40. Kb2 Kc6 41. a3 Rf5 42. axb4 cxb4 43. Bxa7 Rf3 44. Be3 Rh3 45. c5 Kb5
46. Rc4 Rh1 47. c6 Bf5 48. Rc5+ 1-0

[Event "España ch Sel. Autonomicas"]
[Site "Calvia ESP"]
[Date "2007.05.05"]
[Round "4.53"]
[White "Pol Guiscafre, David"]
[Black "De La Torre Suarez, Angel"]
[Result "0-1"]
[WhiteElo "2112"]
[BlackElo "2157"]
[PlyCount "52"]
[EventDate "2007.05.03"]
[EventType "team"]
[EventRounds "5"]
[EventCountry "ESP"]
[Source "lmi"]
[SourceDate "2007.05.03"]

1. e4 c5 2. Nc3 Nc6 3. g3 e6 4. Bg2 Nge7 5. f4 d5 6. exd5 exd5 7. Nf3 Bg4 8.
Ne2 Qd7 9. h3 Bxf3 10. Bxf3 O-O-O 11. c3 d4 12. Qb3 Nf5 13. d3 Re8 14. O-O Rxe2
15. Bxe2 Nxg3 16. Bg4 f5 17. Rf3 Ne2+ 18. Kf2 Nxc1 19. Bxf5 Qxf5 20. Rxc1 Bd6
21. Rg1 g6 22. Rg5 Qf6 23. Kg2 Re8 24. h4 a6 25. Rg4 h5 26. Rg5 Bxf4 0-1

[Event "España ch Sel. Autonomicas"]
[Site "Calvia ESP"]
[Date "2007.05.05"]
[Round "4.54"]
[White "Escobar Felix, Eduardo"]
[Black "Gelabert Mari, Llorenc"]
[Result "1/2-1/2"]
[WhiteElo "2142"]
[BlackElo "2085"]
[PlyCount "139"]
[EventDate "2007.05.03"]
[EventType "team"]
[EventRounds "5"]
[EventCountry "ESP"]
[Source "lmi"]
[SourceDate "2007.05.03"]

1. e4 b6 2. f4 Bb7 3. Nc3 e6 4. Nf3 Bb4 5. d3 d5 6. exd5 Bxd5 7. Be2 Nf6 8. O-O
Bb7 9. Kh1 Nbd7 10. Ne5 Bd6 11. Nc4 O-O 12. Bf3 Bxf3 13. Qxf3 Re8 14. Ne4 Qe7
15. Bd2 Rad8 16. Rae1 Qf8 17. Qg3 Nxe4 18. Rxe4 Nf6 19. Re2 Bb4 20. Bc1 Bd6 21.
Ne5 Nd5 22. Rf3 Ne7 23. Qh3 Ng6 24. Qh5 Ne7 25. Rh3 h6 26. g4 f6 27. Nc4 Qf7
28. Nxd6 cxd6 29. Qxf7+ Kxf7 30. Rhe3 e5 31. f5 Nc6 32. c3 d5 33. Kg2 b5 34. h4
Rc8 35. Bd2 Red8 36. Rf3 Rd7 37. g5 hxg5 38. hxg5 Rh8 39. g6+ Ke7 40. Rh3 Rxh3
41. Kxh3 Rd8 42. Kg3 Rh8 43. Rh2 Rxh2 44. Kxh2 Kd6 45. Kg3 d4 46. cxd4 Nxd4 47.
Kg4 Kd5 48. Bh6 Kd6 49. Bxg7 Ke7 50. Bh6 Nc2 51. Bd2 Kf8 52. Kf3 Kg7 53. a3
Nd4+ 54. Ke4 Ne2 55. Kd5 Nd4 56. Ke4 Ne2 57. Be1 a5 58. Bf2 b4 59. a4 Nc3+ 60.
Kf3 Nxa4 61. b3 Nb2 62. Ke4 a4 63. bxa4 Nxa4 64. d4 Nc3+ 65. Kd3 exd4 66. Bxd4
Nd5 67. Ke4 Ne7 68. Bc5 b3 69. Bd4 Nxg6 70. fxg6 1/2-1/2

[Event "España ch Sel. Autonomicas"]
[Site "Calvia ESP"]
[Date "2007.05.05"]
[Round "4.55"]
[White "Bujosa Ribas, Joan"]
[Black "Garcia Ortega Mendez, Jose Manuel"]
[Result "0-1"]
[WhiteElo "2064"]
[BlackElo "2102"]
[PlyCount "76"]
[EventDate "2007.05.03"]
[EventType "team"]
[EventRounds "5"]
[EventCountry "ESP"]
[Source "lmi"]
[SourceDate "2007.05.03"]

1. e4 e5 2. Nf3 Nc6 3. d4 exd4 4. Bc4 Nf6 5. O-O Nxe4 6. Re1 d5 7. Bxd5 Qxd5 8.
Nc3 Qa5 9. Nxe4 Be6 10. Neg5 O-O-O 11. Nxe6 fxe6 12. Rxe6 Bd6 13. Bg5 Rde8 14.
Qe1 Qxe1+ 15. Raxe1 Rxe6 16. Rxe6 Kd7 17. Re4 Re8 18. Rxe8 Kxe8 19. Kf1 Kf7 20.
Ke2 Ke6 21. a3 Kd5 22. Kd3 b5 23. h3 a5 24. Bd2 a4 25. c3 Ne5+ 26. Nxe5 Bxe5
27. cxd4 Bxd4 28. Bc3 Be5 29. f3 c5 30. Bxe5 Kxe5 31. Ke3 g5 32. g3 h5 33. Kd3
h4 34. gxh4 gxh4 35. Ke3 c4 36. f4+ Kf5 37. Kf3 b4 38. axb4 c3 0-1

[Event "España ch Sel. Autonomicas"]
[Site "Calvia ESP"]
[Date "2007.05.05"]
[Round "4.56"]
[White "Crespo Ramos, Maria"]
[Black "Boix Pons, Catalina"]
[Result "0-1"]
[WhiteElo "1592"]
[BlackElo "2020"]
[PlyCount "72"]
[EventDate "2007.05.03"]
[EventType "team"]
[EventRounds "5"]
[EventCountry "ESP"]
[Source "lmi"]
[SourceDate "2007.05.03"]

1. e4 c5 2. Nc3 a6 3. a4 Nc6 4. g3 Nf6 5. Bg2 e6 6. d3 h6 7. f4 d6 8. Nf3 Qc7
9. Be3 d5 10. Bd2 Be7 11. O-O O-O 12. h3 dxe4 13. dxe4 Rd8 14. Qe1 Nd4 15. Rc1
Bd7 16. b3 Bc6 17. Ne5 Be8 18. Kh1 b5 19. axb5 axb5 20. g4 Nh7 21. Ne2 Ra2 22.
Nxd4 cxd4 23. c3 Qa5 24. b4 Qa7 25. cxd4 Qxd4 26. Bc3 Qb6 27. f5 Bg5 28. Rd1
Rc2 29. Rxd8 Qxd8 30. Rf2 Rc1 31. Qxc1 Bxc1 32. Bf1 Ng5 33. fxe6 fxe6 34. Bd3
Nxh3 35. Rf1 Nf4 36. Bc2 Qh4+ 0-1

[Event "España ch Sel. Autonomicas"]
[Site "Calvia ESP"]
[Date "2007.05.05"]
[Round "5.11"]
[White "Salgado Lopez, Ivan"]
[Black "Lopez Martinez, Josep Manuel"]
[Result "0-1"]
[PlyCount "82"]
[EventDate "2007.05.03"]
[EventType "team"]
[EventRounds "5"]
[EventCountry "ESP"]
[Source "lmi"]
[SourceDate "2007.05.03"]
[WhiteElo "2461"]
[BlackElo "2563"]

1. e4 e6 2. d4 d5 3. Nc3 Bb4 4. e5 b6 5. Qg4 Bf8 6. Nh3 Qd7 7. Bg5 Ba6 8. Bxa6
Nxa6 9. O-O Nb4 10. a3 Nc6 11. b4 h6 12. Be3 Nce7 13. Nf4 Qc6 14. Nd1 a5 15.
bxa5 Rxa5 16. c4 dxc4 17. Nc3 g6 18. Rfd1 h5 19. Qh3 Bh6 20. d5 exd5 21. e6
Bxf4 22. Bxf4 fxe6 23. Ne2 Qd7 24. Be5 Rh7 25. Nd4 Nf5 26. Nxf5 gxf5 27. Rac1
Rc5 28. Bd4 Rc6 29. a4 Kf7 30. Rb1 Ne7 31. a5 bxa5 32. Rb8 Ng6 33. Re1 Qe7 34.
Qc3 a4 35. Ra8 e5 36. Bxe5 Re6 37. f4 Nxf4 38. Qg3 Ng6 39. Bc3 f4 40. Qf2 Rxe1+
41. Bxe1 Qe3 0-1

[Event "España ch Sel. Autonomicas"]
[Site "Calvia ESP"]
[Date "2007.05.05"]
[Round "5.12"]
[White "Narciso Dublan, Marc"]
[Black "Lariño Nieto, David"]
[Result "1/2-1/2"]
[PlyCount "183"]
[EventDate "2007.05.03"]
[EventType "team"]
[EventRounds "5"]
[EventCountry "ESP"]
[Source "lmi"]
[SourceDate "2007.05.03"]
[WhiteElo "2539"]
[BlackElo "2404"]

1. d4 Nf6 2. c4 g6 3. Nc3 d5 4. Nf3 Bg7 5. e3 O-O 6. b4 c6 7. Qb3 dxc4 8. Bxc4
b5 9. Be2 Be6 10. Qb2 a5 11. Bd2 axb4 12. Qxb4 Nd5 13. Nxd5 Bxd5 14. a3 Nd7 15.
Bc3 Nb6 16. O-O Ra4 17. Qb1 Bc4 18. Bxc4 Nxc4 19. Bb4 Qc7 20. Qe4 Rfa8 21. Qxe7
Qxe7 22. Bxe7 Bf8 23. Bxf8 Kxf8 24. Rab1 Nxa3 25. Rb3 f6 26. g3 Ke7 27. Rc1 Kd6
28. Nd2 f5 29. Rbc3 R8a6 30. Kg2 Rb4 31. Kf3 Rb2 32. Rd3 Nc4 33. Rxc4 Rxd2 34.
Rxc6+ Kxc6 35. Rxd2 b4 36. e4 Ra3+ 37. Kf4 fxe4 38. Kxe4 b3 39. Rb2 Kb5 40. d5
Kc4 41. d6 Kc3 42. Rb1 Kc2 43. Re1 Kd2 44. Rb1 Kc2 45. Rf1 b2 46. f4 Rd3 47.
Ke5 b1=Q 48. Rxb1 Kxb1 49. g4 Re3+ 50. Kf6 Re4 51. d7 Rxf4+ 52. Kg7 Rd4 53.
Kxh7 g5 54. Kg6 Kc2 55. Kxg5 Kd3 56. h4 Ke4 57. Kf6 Rxd7 58. g5 Rd6+ 59. Ke7
Ra6 60. h5 Kf5 61. g6 Ra7+ 62. Kf8 Kf6 63. Kg8 Ra5 64. g7 Rxh5 65. Kf8 Ra5 66.
g8=N+ Ke6 67. Nh6 Rg5 68. Ng8 Rg6 69. Ne7 Rf6+ 70. Ke8 Rf1 71. Ng6 Rg1 72. Nf8+
Kd6 73. Kf7 Rf1+ 74. Kg7 Ke5 75. Ng6+ Kf5 76. Nf8 Ra1 77. Kf7 Ra7+ 78. Ke8 Kf6
79. Nd7+ Ke6 80. Nf8+ Kd6 81. Ng6 Rh7 82. Nf8 Rg7 83. Kd8 Re7 84. Ng6 Rf7 85.
Ke8 Ra7 86. Nf8 Ra8+ 87. Kf7 Rb8 88. Ng6 Rb7+ 89. Kf6 Ra7 90. Nf4 Ra4 91. Kf5
Ra5+ 92. Kf6 1/2-1/2

[Event "España ch Sel. Autonomicas"]
[Site "Calvia ESP"]
[Date "2007.05.05"]
[Round "5.13"]
[White "Reinaldo Castiñeira, Roi"]
[Black "Romero Holmes, Alfonso"]
[Result "1/2-1/2"]
[PlyCount "104"]
[EventDate "2007.05.03"]
[EventType "team"]
[EventRounds "5"]
[EventCountry "ESP"]
[Source "lmi"]
[SourceDate "2007.05.03"]
[WhiteElo "2452"]
[BlackElo "2517"]

1. e4 e6 2. d4 d5 3. Nc3 Bb4 4. exd5 exd5 5. Bd3 Nc6 6. a3 Be7 7. Nce2 Nf6 8.
c3 h5 9. Qc2 a5 10. h3 b6 11. c4 Ba6 12. Nf3 Bxc4 13. Bxc4 dxc4 14. Qxc4 Qd5
15. Qc2 Qe4 16. Qxe4 Nxe4 17. d5 Na7 18. Bf4 O-O-O 19. Rd1 Bf6 20. Bc1 c5 21.
a4 Nc6 22. O-O Nb4 23. Nf4 g6 24. Rfe1 Rhe8 25. Re2 Nd6 26. Rxe8 Nxe8 27. b3
Nc7 28. d6 Ne8 29. Ba3 Rxd6 30. Rxd6 Nxd6 31. Bxb4 axb4 32. Nd5 Bd8 33. Ne5 Kb7
34. Kf1 g5 35. Ne3 b5 36. axb5 f6 37. Nd3 Bb6 38. Nd5 f5 39. f4 g4 40. Ne7 Bd8
41. Nd5 Nxb5 42. Ne3 Nd4 43. Nxc5+ Kc6 44. Nd3 Be7 45. Kf2 Bh4+ 46. Kf1 Be7 47.
Kf2 Kb5 48. hxg4 fxg4 49. Nd5 Bc5 50. Nf6 Nxb3+ 51. Kg3 Kc4 52. Nxb4 Bxb4
1/2-1/2

[Event "España ch Sel. Autonomicas"]
[Site "Calvia ESP"]
[Date "2007.05.05"]
[Round "5.14"]
[White "Fluvia Poyatos, Jordi"]
[Black "Paramos Dominguez, Roberto"]
[Result "1-0"]
[PlyCount "69"]
[EventDate "2007.05.03"]
[EventType "team"]
[EventRounds "5"]
[EventCountry "ESP"]
[Source "lmi"]
[SourceDate "2007.05.03"]
[WhiteElo "2478"]
[BlackElo "2425"]

1. e4 c5 2. Nf3 d6 3. d4 cxd4 4. Nxd4 Nf6 5. Nc3 a6 6. Be3 Ng4 7. Bg5 h6 8. Bh4
g5 9. Bg3 Bg7 10. h3 Nf6 11. Bc4 Qb6 12. Bb3 O-O 13. h4 Nxe4 14. Nxe4 Qxd4 15.
Qxd4 Bxd4 16. O-O-O Bg7 17. hxg5 hxg5 18. Nxg5 Nc6 19. c3 Bf5 20. Rd5 Bg6 21.
f4 Bf6 22. Bh4 Rfc8 23. f5 Bh5 24. g4 Bxg4 25. Rg1 Bxg5+ 26. Bxg5 e6 27. Bf6
Kf8 28. Rxd6 Bxf5 29. Rd7 Bh7 30. Bxe6 Bg8 31. Rxg8+ Kxg8 32. Bxf7+ Kf8 33. Bg6
Re8 34. Rf7+ Kg8 35. Rh7 1-0

[Event "España ch Sel. Autonomicas"]
[Site "Calvia ESP"]
[Date "2007.05.05"]
[Round "5.15"]
[White "Caselas Cabanas, Jacobo"]
[Black "Aloma Vidal, Robert"]
[Result "1/2-1/2"]
[PlyCount "130"]
[EventDate "2007.05.03"]
[EventType "team"]
[EventRounds "5"]
[EventCountry "ESP"]
[Source "lmi"]
[SourceDate "2007.05.03"]
[WhiteElo "2423"]
[BlackElo "2321"]

1. d4 Nf6 2. Nf3 e6 3. e3 b6 4. Bd3 Bb7 5. O-O d5 6. b3 Nbd7 7. Bb2 Bd6 8. c4
O-O 9. Nc3 c5 10. cxd5 exd5 11. Rc1 Rc8 12. Bf5 Bb8 13. Ne5 Nxe5 14. dxe5 Bxe5
15. Bxc8 Bxc8 16. h3 Re8 17. Qd3 d4 18. exd4 Bxd4 19. Qf3 Re5 20. Na4 Be6 21.
Bxd4 cxd4 22. Rfd1 h6 23. Qf4 Re4 24. Qc7 Qa8 25. f3 Nd5 26. Qc6 Qxc6 27. Rxc6
Re2 28. Rxd4 Rxa2 29. Nc3 Ra1+ 30. Rd1 Rxd1+ 31. Nxd1 Nb4 32. Rc3 a5 33. Nb2
Kf8 34. Nc4 Nd5 35. Rc1 Ke7 36. Kf2 Nf4 37. Rd1 Nd5 38. h4 h5 39. g3 g6 40. Rd4
Kf6 41. g4 hxg4 42. fxg4 g5 43. h5 Kg7 44. Kg3 Nf6 45. Ne3 Bxb3 46. Kf3 Be6 47.
Rd6 b5 48. Rb6 b4 49. Rb5 a4 50. Rxb4 a3 51. Ra4 a2 52. Ra6 Nd7 53. Ra5 Kf6 54.
Kg3 Ne5 55. Ra6 Kg7 56. Nf5+ Kh7 57. Ne3 Nd3 58. Nc2 Ne5 59. Ne3 Nd3 60. Nc2
Nc5 61. Ra5 Ne4+ 62. Kf3 Nd2+ 63. Kg3 Ne4+ 64. Kf3 Nd2+ 65. Kg3 Ne4+ 1/2-1/2

[Event "España ch Sel. Autonomicas"]
[Site "Calvia ESP"]
[Date "2007.05.05"]
[Round "5.16"]
[White "Llaneza Vega, Patricia"]
[Black "Redondo Arguelles, Graciela"]
[Result "1-0"]
[PlyCount "141"]
[EventDate "2007.05.03"]
[EventType "team"]
[EventRounds "5"]
[EventCountry "ESP"]
[Source "lmi"]
[SourceDate "2007.05.03"]
[WhiteElo "2249"]
[BlackElo "2104"]

1. e4 e6 2. d4 d5 3. Nd2 c5 4. Ngf3 Nc6 5. Bb5 cxd4 6. Nxd4 Bd7 7. Nxc6 bxc6 8.
Bd3 Qc7 9. O-O Bd6 10. h3 Nf6 11. Qe2 O-O 12. c4 d4 13. e5 Bxe5 14. Nf3 Bf4 15.
Nxd4 c5 16. Nb3 Bxc1 17. Raxc1 a5 18. Bb1 Rab8 19. Rc3 a4 20. Nc1 Bc6 21. Rg3
Qf4 22. b3 Rfd8 23. Nd3 Qd4 24. Ne5 Be4 25. Bxe4 Nxe4 26. Re3 Qxe5 27. Rxe4 Qc3
28. Qh5 axb3 29. axb3 Rxb3 30. Qxc5 Qb4 31. Qg5 Qd2 32. Qe5 Qd6 33. Qh5 Qd3 34.
Rf4 Qg6 35. Qh4 Rdb8 36. Rd4 Qf6 37. Qe4 Qg6 38. Rfd1 Rb1 39. Rxb1 Rxb1+ 40.
Kh2 Rb8 41. Qb7 Rf8 42. Qc7 Qf6 43. Rf4 Qg5 44. Rg4 Qd8 45. Qg3 g6 46. Qe3 Qd6+
47. g3 Rc8 48. Rd4 Qc7 49. Qd2 Qc5 50. Kg1 Ra8 51. Rd8+ Rxd8 52. Qxd8+ Kg7 53.
Qd3 Kf8 54. Qe4 Ke8 55. Qa8+ Kd7 56. Qf3 Ke8 57. Qe4 Kd7 58. Kg2 f5 59. Qh4 Qe7
60. Qd4+ Qd6 61. Qg7+ Qe7 62. Qg8 e5 63. Kf1 Kd6 64. h4 Qe6 65. Qb8+ Kc5 66.
Qb5+ Kd4 67. c5 Qd5 68. Qb4+ Kd3 69. Qb5+ Kd4 70. Ke2 Qxc5 71. Qd3# 1-0

[Event "España ch Sel. Autonomicas"]
[Site "Calvia ESP"]
[Date "2007.05.05"]
[Round "5.21"]
[White "Vallejo Pons, Francisco"]
[Black "Gomez Esteban, Juan Mario"]
[Result "1-0"]
[PlyCount "81"]
[EventDate "2007.05.03"]
[EventType "team"]
[EventRounds "5"]
[EventCountry "ESP"]
[Source "lmi"]
[SourceDate "2007.05.03"]
[WhiteElo "2676"]
[BlackElo "2508"]

1. d4 d5 2. c4 c6 3. Nc3 Nf6 4. e3 e6 5. Nf3 Nbd7 6. Bd3 dxc4 7. Bxc4 b5 8. Bd3
a6 9. e4 c5 10. e5 cxd4 11. Nxb5 axb5 12. exf6 gxf6 13. O-O Qb6 14. Qe2 b4 15.
Rd1 Bc5 16. Bf4 h5 17. Bg3 Kf8 18. Rd2 Ra5 19. Rc1 Bb7 20. Be4 Ba6 21. Qd1 e5
22. Nh4 Rxa2 23. Qb3 Ra5 24. Bd5 Be7 25. Qf3 Rc5 26. Ra1 b3 27. Rdd1 Bd8 28. h3
Qb5 29. Ba8 Nb6 30. Rxd4 exd4 31. Bd6+ Be7 32. Qxf6 Bxd6 33. Ng6+ Ke8 34. Qxd6
fxg6 35. Re1+ Qe2 36. Rxe2+ Bxe2 37. Qxc5 Nxa8 38. Qe5+ Kf7 39. Qxh8 d3 40.
Qxa8 d2 41. Qd5+ 1-0

[Event "España ch Sel. Autonomicas"]
[Site "Calvia ESP"]
[Date "2007.05.05"]
[Round "5.22"]
[White "Argandoña Rivero, Iñigo"]
[Black "Bellon Lopez, Juan Manuel"]
[Result "1/2-1/2"]
[PlyCount "115"]
[EventDate "2007.05.03"]
[EventType "team"]
[EventRounds "5"]
[EventCountry "ESP"]
[Source "lmi"]
[SourceDate "2007.05.03"]
[WhiteElo "2400"]
[BlackElo "2425"]

1. d4 d5 2. c4 c6 3. Nf3 Nf6 4. Nc3 e6 5. Bg5 Nbd7 6. cxd5 exd5 7. e3 Be7 8.
Qc2 h6 9. Bf4 O-O 10. h3 Re8 11. Bd3 Nf8 12. O-O Bd6 13. Bxd6 Qxd6 14. Ne5 N6d7
15. f4 f6 16. Nxd7 Bxd7 17. Rf3 Re7 18. Qb3 Kh8 19. a4 Rae8 20. Kf2 Be6 21. Qa3
Qc7 22. b4 Bf7 23. b5 Bh5 24. g4 Bg6 25. Ne2 f5 26. Ng3 fxg4 27. hxg4 Be4 28.
Nf5 Bxf3 29. Nxe7 Bxg4 30. Ng6+ Nxg6 31. Bxg6 Rd8 32. Rc1 Rd6 33. Bb1 Be6 34.
bxc6 bxc6 35. a5 Bf7 36. a6 Qd8 37. Rh1 Bg6 38. Bxg6 Rxg6 39. Rh5 Qc8 40. Re5
Qd8 41. Qe7 Qa5 42. Qf8+ Kh7 43. Qf5 Qa2+ 44. Ke1 Qxa6 45. Re6 Qa1+ 46. Ke2
Qa2+ 47. Ke1 Qg2 48. Rxc6 Qg1+ 49. Ke2 Qg2+ 50. Ke1 Qg4 51. Qxg4 Rxg4 52. Ra6
h5 53. Kf2 h4 54. Rxa7 Kg6 55. Ra8 Kf5 56. Re8 g5 57. Re5+ Kf6 58. Rxd5 1/2-1/2

[Event "España ch Sel. Autonomicas"]
[Site "Calvia ESP"]
[Date "2007.05.05"]
[Round "5.23"]
[White "Mascaro March, Pedro"]
[Black "Gonzalez De La Torre, Santiago"]
[Result "1/2-1/2"]
[PlyCount "72"]
[EventDate "2007.05.03"]
[EventType "team"]
[EventRounds "5"]
[EventCountry "ESP"]
[Source "lmi"]
[SourceDate "2007.05.03"]
[WhiteElo "2371"]
[BlackElo "2388"]

1. d4 d5 2. c4 c6 3. Nc3 Nf6 4. e3 e6 5. Nf3 Nbd7 6. Bd3 dxc4 7. Bxc4 b5 8. Bd3
b4 9. Ne4 Be7 10. O-O Bb7 11. Nxf6+ Nxf6 12. e4 O-O 13. Qe2 Nd7 14. Rd1 c5 15.
d5 exd5 16. exd5 Nf6 17. Bc4 h6 18. Nh4 Bd6 19. Nf5 Bc8 20. Qf3 Bxf5 21. Qxf5
Qc8 22. Qc2 Qb7 23. h3 Rae8 24. Be3 Rxe3 25. fxe3 Qe7 26. Qf2 Ne4 27. Qf3 Ng5
28. Qf2 Qe5 29. Qf4 Qe7 30. Qf2 f5 31. Bd3 Rf6 32. Rab1 Qe5 33. Qf4 Qe8 34. Qf2
Qe5 35. Qf4 Qe7 36. Qf2 Qe5 1/2-1/2

[Event "España ch Sel. Autonomicas"]
[Site "Calvia ESP"]
[Date "2007.05.05"]
[Round "5.24"]
[White "Alonso Arburu, Juan Ignacio"]
[Black "Calzetta, Monica"]
[Result "1-0"]
[PlyCount "65"]
[EventDate "2007.05.03"]
[EventType "team"]
[EventRounds "5"]
[EventCountry "ESP"]
[Source "lmi"]
[SourceDate "2007.05.03"]
[WhiteElo "2337"]
[BlackElo "2340"]

1. c4 c5 2. g3 Nf6 3. Bg2 Nc6 4. Nc3 g6 5. a3 Bg7 6. Rb1 a5 7. d3 O-O 8. e4 d6
9. Nge2 Rb8 10. O-O Ne8 11. Be3 Nc7 12. d4 cxd4 13. Nxd4 Ne5 14. b3 Ng4 15. Bc1
Bd7 16. h3 Nf6 17. a4 Ne6 18. Be3 Nc5 19. Kh2 Rc8 20. Qe2 e6 21. Rfd1 Qe7 22.
Bg5 h6 23. Bc1 Rfd8 24. Ndb5 Bxb5 25. Nxb5 b6 26. f4 e5 27. f5 gxf5 28. exf5 e4
29. Nc3 Qe5 30. Nd5 Nxd5 31. Rxd5 Qc3 32. Bb2 Qxb3 33. Qg4 1-0

[Event "España ch Sel. Autonomicas"]
[Site "Calvia ESP"]
[Date "2007.05.05"]
[Round "5.25"]
[White "Tattersall Rodriguez, Lester Antonio"]
[Black "Martin Alvarez, Iñigo"]
[Result "1-0"]
[PlyCount "63"]
[EventDate "2007.05.03"]
[EventType "team"]
[EventRounds "5"]
[EventCountry "ESP"]
[Source "lmi"]
[SourceDate "2007.05.03"]
[WhiteElo "2315"]
[BlackElo "2173"]

1. Nf3 d5 2. g3 c5 3. Bg2 Nc6 4. O-O e5 5. d3 Nf6 6. Nbd2 Be7 7. e4 d4 8. Nc4
Qc7 9. a4 O-O 10. Ne1 Be6 11. f4 Nd7 12. f5 Bxc4 13. dxc4 Rfd8 14. g4 f6 15.
Rf2 Ndb8 16. Ra3 Na6 17. Rg3 Nab4 18. Bf1 Rd7 19. h4 Rad8 20. g5 Na5 21. Qh5
Nxc2 22. Rxc2 Qc6 23. Bd2 d3 24. Bxd3 Qxa4 25. g6 h6 26. Bxh6 gxh6 27. g7 Rxd3
28. Rxd3 Rxd3 29. Rg2 Rd8 30. Qxh6 Qe8 31. Qh8+ Kf7 32. Qh7 1-0

[Event "España ch Sel. Autonomicas"]
[Site "Calvia ESP"]
[Date "2007.05.05"]
[Round "5.26"]
[White "Muñoz Perez, Miriam"]
[Black "Serrano Bozada, Esteban"]
[Result "1/2-1/2"]
[PlyCount "152"]
[EventDate "2007.05.03"]
[EventType "team"]
[EventRounds "5"]
[EventCountry "ESP"]
[Source "lmi"]
[SourceDate "2007.05.03"]
[WhiteElo "2080"]
[BlackElo "2108"]

1. e4 e6 2. d4 d5 3. Nd2 Nf6 4. e5 Nfd7 5. Bd3 c5 6. c3 Nc6 7. Ne2 cxd4 8. cxd4
f6 9. exf6 Nxf6 10. Nf3 Qc7 11. Bf4 Bb4+ 12. Bd2 Bd6 13. Nc3 a6 14. O-O O-O 15.
Rc1 Bd7 16. Bb1 Be8 17. Qe2 Bf7 18. h3 Rae8 19. Qe3 Qb8 20. Na4 Bh5 21. Nc5
Bxf3 22. gxf3 e5 23. dxe5 Rxe5 24. Qd3 Rh5 25. Kg2 Qc8 26. Rh1 Ne5 27. Qd4 Nxf3
28. Qe3 Nh4+ 29. Kf1 Re8 30. Ne4 Qd7 31. Nxf6+ gxf6 32. Qd3 Kh8 33. Re1 Rxe1+
34. Bxe1 Be5 35. Qe2 Qf7 36. Qg4 f5 37. Qe2 Bg7 38. Rg1 Rh6 39. Bd2 Rg6 40. Rg5
Rxg5 41. Bxg5 Ng6 42. Qc2 h6 43. Be3 Kh7 44. Qxf5 Qxf5 45. Bxf5 Bxb2 46. Bc8 d4
47. Bd2 Bc3 48. Ke2 Bxd2 49. Kxd2 Nf4 50. Bxb7 a5 51. Bc8 Kg6 52. Bd7 Kf6 53.
Bc8 Ke5 54. Bd7 Kd5 55. Kc2 Kc4 56. h4 Kb4 57. a4 Kc4 58. Bb5+ Kd5 59. Be8 Ne6
60. Bf7 Ke5 61. Bxe6 Kxe6 62. Kd3 Ke5 63. h5 Kf4 64. Kxd4 Kg5 65. Ke4 Kxh5 66.
Kf5 Kh4 67. Kg6 h5 68. f4 Kg4 69. f5 h4 70. f6 h3 71. f7 h2 72. f8=Q h1=Q 73.
Qf5+ Kg3 74. Qe5+ Kf2 75. Qd4+ Ke2 76. Qb2+ Ke3 1/2-1/2

[Event "España ch Sel. Autonomicas"]
[Site "Calvia ESP"]
[Date "2007.05.05"]
[Round "5.31"]
[White "Rivas Pastor, Manuel"]
[Black "Moreno Ruiz, Javier"]
[Result "1/2-1/2"]
[PlyCount "74"]
[EventDate "2007.05.03"]
[EventType "team"]
[EventRounds "5"]
[EventCountry "ESP"]
[Source "lmi"]
[SourceDate "2007.05.03"]
[WhiteElo "2496"]
[BlackElo "2482"]

1. d4 d5 2. c4 dxc4 3. e4 Nc6 4. Be3 Nf6 5. f3 e5 6. d5 Nb4 7. Nc3 c6 8. dxc6
Qxd1+ 9. Kxd1 Nxc6 10. Bxc4 Be6 11. Bxe6 fxe6 12. Ke2 Rc8 13. Nh3 Nd4+ 14. Kd3
Rd8 15. Bxd4 Rxd4+ 16. Ke2 Bb4 17. Rac1 Ke7 18. Nf2 Rc8 19. Nb1 Rdc4 20. Nd3
Rc2+ 21. Kd1 Rxc1+ 22. Nxc1 Bc5 23. Nd3 Bd4 24. Nd2 Nd7 25. Nb3 Bb6 26. Kd2 Kd6
27. Rd1 a6 28. Ke2 Ke7 29. Rc1 Bc7 30. Nb4 Kd6 31. Nd3 Bb6 32. Rd1 Ke7 33. Rc1
Bc7 34. Nb4 Kd6 35. Nd3 Bb6 36. a4 Bd4 37. Kd2 Bg1 1/2-1/2